000
00287nam a22001337a 4500
008
170613b xxu||||| |||| 00| 0 eng d
020
_a
053456363
041
_a
eng
080
_2
9TH
_a
328
100
_a
19
101
_a
SHP
245
_a
AMERICAN GOVERNMENT
_c
WELCH,S
942
_2
udc
_c
BK
999
_c
17229
_d
17229